| 000 | 00611nam a2200205 a 4500 | ||
|---|---|---|---|
| 005 | 20210223125436.0 | ||
| 008 | 040924s2003 mx r 000 0 spa d | ||
| 020 | _a9505575327 | ||
| 035 | _aUPN01000134831 | ||
| 049 | _aCG | ||
| 050 | 4 |
_aHF1509 _bA7.3 |
|
| 245 | 0 | 0 |
_aArgentina : _bun lugar en el mundo / _ccomp. Carlos Bruno. |
| 260 |
_aBuenos Aires : _bFCE, _c2003. |
||
| 300 | _a153 p. | ||
| 440 | 0 |
_aPopular ; _v637. _pBreves |
|
| 651 | 4 |
_aARGENTINA - _xRELACIONES ECONOMICAS EXTRANJERAS _92196 |
|
| 651 | 4 |
_aARGENTINA - _xRELACIONES EXTERIORES _92197 |
|
| 700 | 1 |
_aBruno, Carlos, _ecomp. |
|
| 905 | _aLibro | ||
| 999 |
_c106982 _d106982 |
||